The social art: (Record no. 42468)

000 -LEADER
fixed length control field 00417nam a22001571a 4500
020 ## - INTERNATIONAL STANDARD BOOK NUMBER
ISBN 9780195106572
082 ## - DEWEY DECIMAL CLASSIFICATION NUMBER
Classification number 401.93
Item number RON/S
100 ## - MAIN ENTRY--AUTHOR NAME
Personal name Ronald Macaulay
245 ## - TITLE STATEMENT
Title The social art:
Sub Title language and its uses/
Statement of responsibility, etc by Ronald Macaulay
260 ## - PUBLICATION, DISTRIBUTION, ETC. (IMPRINT)
Place of publication Oxford:
Name of publisher Oxford University Press,
Year of publication 1994.
300 ## - PHYSICAL DESCRIPTION
Number of Pages 241p.
500 ## - GENERAL NOTE
General note Ronald Macaulay
650 ## - SUBJECT ADDED ENTRY--TOPICAL TERM
Topical Term Language Acquisition
650 ## - SUBJECT ADDED ENTRY--TOPICAL TERM
Topical Term Language
942 ## - ADDED ENTRY ELEMENTS (KOHA)
Koha item type Book
Holdings
Withdrawn status Lost status Damaged status Not for loan Permanent Location Current Location Date acquired Cost, normal purchase price Full call number Accession Number Cost, replacement price Price effective from Koha item type
        Sree Sankaracharya University of Sanskrit Sree Sankaracharya University of Sanskrit 08.01.2015 420.00 401.93 RON/S 022903 0.00 08.01.2015 Book